Nedostatečný transfer technologií jako bariéra zavádění inovací v regionu

Najväčšie problematické oblasti výskumnej sféry. Teoretické základy transferu technológií. Faktory brániace transferu technológií na úrovni univerzít a priemyslu. Bariéry transferu technológií. Výsledky dotazníkového prieskumu.

Enregistré dans:
Détails bibliographiques
Auteur principal: Winklerová, Lucie
Format: Chapitre de livre
Langue:tchèque
Sujets:
Tags: Ajouter un tag
Pas de tags, Soyez le premier à ajouter un tag!

MARC

LEADER 00000nla a2200000 4500
001 0246036
005 20240417075140.8
041 0 |a cze 
044 |a CZ 
245 1 0 |a Nedostatečný transfer technologií jako bariéra zavádění inovací v regionu  |c Lucie Winklerová 
520 |a Najväčšie problematické oblasti výskumnej sféry. Teoretické základy transferu technológií. Faktory brániace transferu technológií na úrovni univerzít a priemyslu. Bariéry transferu technológií. Výsledky dotazníkového prieskumu. 
610 2 0 |a transfer technológie 
610 2 0 |a univerzity 
610 2 0 |a priemysel 
610 2 0 |a vedomosti 
610 2 0 |a inovácia 
610 2 0 |a výskum 
610 2 0 |a prieskum 
100 1 |a Winklerová, Lucie